GIS and multicriteria decision analysis / (Registro nro. 2685)

Detalles MARC
000 -CABECERA
Campo de control 00754pam a2200217 a 4500
005 - FECHA Y HORA DE LA ULTIMA TRANSACCION
Campo de control 20170329020003.0
008 - ELEMENTOS DE LONGITUD FIJA—INFORMACION GENERAL
Campo de control 980917s1999 nyua b 001 0 eng
020 ## - ISBN
ISBN 0471329444
040 ## - FUENTE DE CATALOGACIÓN
Agencia catalogadora original DLC
Agencia transcriptora DLC
Agencia Modificadora DLC
-- CO-BoIAVH
041 0# - IDIOMA
Código de idioma para texto/pista de sonido o título separado Inglés
044 ## - PAÍS DE PUBLICACIÓN
País de publicación Estados Unidos
082 00 - NUMERO DE CLASIFICACION DECIMAL DEWEY
Número de clasificación 526.0285
Número del ítem M24g
100 1# - ASIENTO PRINCIPAL--NOMBRE PERSONAL
Nombre personal Malczewski, Jacek.
9 (RLIN) 17009
245 10 - MENCION DE TITULO
Título GIS and multicriteria decision analysis /
Mención de responsabilidad Jacek Malczewski.
260 ## - PUBLICACION, DISTRIBUCION, ETC. (PIE DE IMPRENTA)
Lugar de publicación, distribución, etc. New York :
Nombre del editor, distribuidor, etc. J. Wiley & Sons,
Fecha de publicación, distribución, etc. c1999.
300 ## - DESCRIPCION FISICA
Extensión xv, 392 páginas :
Otros detalles físicos ilustraciones (algunas a color) ;
Dimensiones 25 x 16 centímetros
504 ## - NOTA DE BIBLIOGRAFIA, ETC.
Nota de bibliografía Incluye referencias bibliográficas (páginas 355-382) e índices.
650 #0 - ASIENTO SECUNDARIO DE MATERIA - TERMINO TEMATICO
Término temático o nombre geográfico como elemento de entrada Sistemas de información gerográfica
9 (RLIN) 64825
650 #0 - ASIENTO SECUNDARIO DE MATERIA - TERMINO TEMATICO
Término temático o nombre geográfico como elemento de entrada Toma de decisiones
9 (RLIN) 64826
942 ## - ELEMENTOS ADICIONALES (KOHA)
Sistema de clasificación Dewey Decimal Classification
Tipo de ítem Libro
Koha issues (borrowed), all copies 1
Existencias
Withdrawn status Lost status Sistema de Clasificación Damaged status No para préstamo Colección Inventariado Ubicación Permanente Ubicación actual Fecha de adquisición Fuente de Valor Valor Total Checkouts Total Renewals Número topográfico Inventario / Código de Barras Date last seen Date checked out Ejemplar Price effective from Forma de adquisición Tipo de material
    Dewey Decimal Classification     General Inventariado 2017 Bogotá Bogotá 12/06/2002 Instituto 39000.00 2 1 LB-526.0285 M24g 004988 06/06/2022 04/09/2019 Ej. 1 04/12/2012 Compra Libro